| 000 | 00472nam a22001577a 4500 | ||
|---|---|---|---|
| 003 | NUST | ||
| 038 | _aNusrat Nadeem | ||
| 082 | _a200 | ||
| 100 |
_aAli Malik, Mehar _9123733 |
||
| 245 |
_aMathematical aspects of some graph invariants/ _cMehar Ali Malik |
||
| 264 |
_aIslamabad; _bSNS NUST; _c2019; |
||
| 300 |
_a87,p; _bill; _c30,cm. |
||
| 700 |
_aSupervisor:Dr.Rashid Farooq _9123718 |
||
| 856 | _u http://10.250.8.41:8080/xmlui/handle/123456789/3330 | ||
| 942 |
_2ddc _cSC |
||
| 999 |
_c609823 _d609823 |
||